000 00476nam a2200181 i 4500
001 150783
003 ES-MaACL
005 20250524063052.0
007 t|
008 071112s1966 sp ||||1| cat d
100 1 _aFolch i Camarasa, Ramon,
_d1926-
_951450
245 1 2 _aL'estiu més bonic.
250 _a1ª ed.
260 _aBarcelona :
_bAlfaguara,
_c1966.
300 _a217 p. ;
_c21 cm.
852 _aES-MaACL
_jC-30964
_bR.61690
999 _c150783
_d150783